00433nam a2200145Ia 4500008004100000041000900041082001800050100001800068245003300086260004000119300000800159650000800167999001700175952009500192230718s9999 xx 000 0 und d aEng. a346.54bKHO-S aKhokhar anwar 0aSupreme court Monthly review aPakistanbPakistan Law digistc2019 a626 aLaw c32838d32838 00104070aSIRC-LbSIRC-Ld2023-07-18l0o346.54 KHO-Sp27789r2023-07-18w2023-07-18yBK